000 00438nam a2200169Ia 4500
008 180921t2016 xxu||||| |||| 00| 1 sin d
041 _asin
080 _aX8C31
_bWAS
100 _aWasalasooriya, Gamini
245 _aසුළඟ වගේ
246 _aSulanga Wage
260 _bSamanala Readright Pubications
_aMinuwangoda
_c2016
300 _a224p., 21cm
942 _cBK
999 _c8696
_d8696
003 LK-CoDNM
040 _aLK-CoDNM
_dLK-CoDNM
_eLK-CoDNM